Nezábudky saleziánskych chovancov v Trnave

Žiacky časopis. Školský náboženský (rím.-kat.) časopis

Bibliographic Details
Corporate Author: Saleziánski chovanci (Trnava) (Publisher)
Format: Journal
Language:Slovak
PhysicalDescription:roč. 20 x 17 cm
Published: Trnava [Saleziánski chovanci v Trnave] 1937-1940
Subjects:

MARC

LEADER 00000nas a22000001a 4500
001 vtls010300278
003 SK-MaSNL
005 20260228163018.0
008 110810d19371940xo uu p r 0 b0slo
015 |a SNBDS17XX9999 
015 |a 0371  |2 Kipsová 1919-38 
015 |a 0341  |2 Fedor 1939-44 
038 |a SNKBUDS 
040 |a SNK  |b slo  |c SNK  |e AACR2 
041 0 |a slo 
044 |a xo  |c SK 
245 0 0 |a Nezábudky saleziánskych chovancov v Trnave 
246 1 3 |a Nezábudky  |b saleziánskych chovancov v Trnave  |f 1940 
260 |a Trnava  |b [Saleziánski chovanci v Trnave]  |c 1937-1940 
300 |a roč.  |c 20 x 17 cm 
310 |a Periodicita nie je známa 
362 0 |a Roč. I, č. 1 (1937)-roč. III, č. 1 (1940) 
500 |a Vych. v Trnave 
500 |a Bez red. údajov 
500 |a Vyd. [Saleziánski chovanci v Trnave] 
500 |a Tlač. Rozmnožené cyklostylom 
505 8 0 |g Roč. I. 1937/38 5 čís. po 6-10 s. 
505 8 0 |g Roč. III. 1940 1 čís. 16 s. 
520 |a Žiacky časopis. Školský náboženský (rím.-kat.) časopis 
650 0 7 |a mládež  |2 SNKPH  |9 1575 
655 7 |a školské časopisy  |2 SNKBUDS  |9 267016 
655 7 |a katolícke náboženské časopisy pre mládež  |2 SNKBUDS  |9 272768 
710 2 |a Saleziánski chovanci (Trnava)  |e vydav.  |9 272769 
852 |a SNK  |b 10000  |h ČSD 1027 
852 |a SNK  |b 10000  |h A 49 m 18 
958 |a OND 
999 |c 8721  |d 10651 
952 |0 0  |1 0  |4 0  |7 0  |8 5  |a SNK  |b SNK  |d 2010-09-13  |i snkF 179/81  |l 0  |o snkČSD 1027/[1]/1937-1938  |p 17A0671047  |r 2026-02-21 19:55:10  |t č. 1-5  |w 2026-02-21  |y PREZ 
952 |0 0  |1 0  |4 0  |7 0  |8 5  |a SNK  |b SNK  |d 2019-04-30  |i snkF 193/81  |l 0  |o snkČSD 1027/3/1940  |p 17A0817724  |r 2026-02-21 21:59:41  |t č. 1  |w 2026-02-21  |y PREZ 
952 |0 0  |1 0  |4 0  |7 0  |8 5  |a SNK  |b SNK  |d 2019-04-30  |i snkF 178/81  |l 0  |o snkČSD 1027/9/1946-1947  |p 17A0817725  |r 2026-02-21 21:59:41  |t č. 2, 3  |w 2026-02-21  |y PREZ  |z Obsahuje č. 2, 3 
952 |0 0  |1 0  |4 0  |7 0  |8 5  |a SNK  |b SNK  |d 2019-04-30  |i snkF 895/79  |l 0  |o snkČSD 1027/10/1947-1948  |p 17A0817726  |r 2026-02-21 21:59:42  |t č. 1-3  |w 2026-02-21  |y PREZ 
952 |0 0  |1 0  |4 0  |7 0  |8 5  |a SNK  |b SNK  |d 2019-04-30  |i snkF 194/81  |l 0  |o snkČSD 1027/11/1948-1949  |p 17A0817727  |r 2026-02-21 21:59:42  |t č. 1  |w 2026-02-21  |y PREZ